Vista normal
Vista MARC
- Quesada Saldaña, Flavio J.
Entrada Nombre personal
Número de registros utilizados en: 1
001 - NÚMERO DE CONTROL
- campo de control: 62
003 - IDENTIFICADOR DE NÚMERO DE CONTROL
- campo de control: gtuscu
005 - FECHA Y HORA DE LA ÚLTIMA TRANSACCIÓN
- campo de control: 20260324151343.0
008 - ELEMENTOS DE DATO DE LONGITUD-FIJA
- campo de control de longitud fija: 251113|| azz||aabn | a|a d
040 ## - FUENTE DE CATALOGACIÓN
- Centro catalogador/agencia de origen: gtuscu
100 14 - ENCABEZAMIENTO-NOMBRE DE PERSONA
- Nombre de persona: Quesada Saldaña, Flavio J.
- Término indicativo de función/relación: creador
400 ## - TRAZADO DE VÉASE--NOMBRE DE PERSONA
- Nombre de persona: Quesada Saldaña, Flavio
- Término indicativo de función/relación: creador
400 ## - TRAZADO DE VÉASE--NOMBRE DE PERSONA
- Nombre de persona: Quesada S. Flavio J.
- Término indicativo de función/relación: creador